000 00618nam a2200169 i 4500
001 25054
003 ES-MaACL
005 20230906153203.0
007 t|
008 021220s1983 sp ||||1| spa d
100 1 _aAracil Santonja, Rafael.
_922153
245 1 0 _aProblemas de regulación automatica /
_cpor Rafael Aracil Santonja, Pedro Albertos Pérez.
260 _aMadrid :
_bUniversidad Politécnica, Escuela Técnica Superior de Ingenieros Industriales, Sección de Publicaciones,
_c1983.
300 _aIII, 291 p. ;
_c29 cm.
700 1 _aAlbertos Pérez, Pedro.
_919368
852 _aES-MaACL
_jL-9579
_bR.111969
999 _c25054
_d25054